000 00397nam a2200145Ia 4500
008 230917s9999||||xx |||||||||||||| ||und||
040 _e13094
_aMAIN
041 _aEnglish
082 _a515.352 R541O
100 _aRoberts, Charles E
245 0 _aOrdinary differential equations: A computational approach
260 _aNew Jersey
_bPrentice Hall
_c1979
300 _axiii, 400 p.
942 _cBK
999 _c208627
_d208627